Improving and Using Communication Skills: A Guide for Mastering University Assignment (Record no. 1364)

MARC details
005 - DATE AND TIME OF LATEST TRANSACTION
control field 20250414085318.0
020 ## - INTERNATIONAL STANDARD BOOK NUMBER
International Standard Book Number 978-3-659-20156-1
082 ## - DEWEY DECIMAL CLASSIFICATION NUMBER
Classification number 651.7 MAC
100 ## - MAIN ENTRY--PERSONAL NAME
Author name MACHUMU, H .J .
245 ## - TITLE STATEMENT
Title Improving and Using Communication Skills: A Guide for Mastering University Assignment
260 ## - PUBLICATION, DISTRIBUTION, ETC.
Place of publication, distribution, etc. Morogoro,
Name of publisher, distributor, etc. Lap Lambert Academic Publishing,
Date of publication, distribution, etc. 201`2.
300 ## - PHYSICAL DESCRIPTION
Extent xi, 155p.: ill.;
Other physical details bibliograph,
Dimensions 22cm.
700 ## - ADDED ENTRY--PERSONAL NAME
Other authors/Editors MSABILA, D . T .
856 ## - ELECTRONIC LOCATION AND ACCESS
Link text Access Online Book
Electronic name Communication
Path www.ingimage.com
942 ## - ADDED ENTRY ELEMENTS (KOHA)
Source of classification or shelving scheme Dewey Decimal Classification
Koha item type Books
Holdings
Date last seen Total checkouts Full call number Barcode Cost, replacement price Price effective from Koha item type Lost status Source of classification or shelving scheme Damaged status Not for loan Withdrawn status Home library Current library Shelving location Date acquired Cost, normal purchase price
04/14/2025   651.7 MAC 0000005257 701250.00 04/14/2025 Books   Dewey Decimal Classification       College of Business Education Main Library College of Business Education Main Library General Collection 04/14/2025 233750.00
04/14/2025   651.7 MAC 0000005258 701250.00 04/14/2025 Books   Dewey Decimal Classification       College of Business Education Main Library College of Business Education Main Library General Collection 04/14/2025 233750.00